<?xml version="1.0" encoding="UTF-8"?>
<record
    xmlns:xsi="http://www.w3.org/2001/XMLSchema-instance"
    xsi:schemaLocation="http://www.loc.gov/MARC21/slim http://www.loc.gov/standards/marcxml/schema/MARC21slim.xsd"
    xmlns="http://www.loc.gov/MARC21/slim">

  <leader>06264nam a22006254a 4500</leader>
  <controlfield tag="005">2010072901301.0</controlfield>
  <datafield tag="010" ind1=" " ind2=" ">
    <subfield code="a">B-406895-909</subfield>
  </datafield>
  <datafield tag="020" ind1=" " ind2=" ">
    <subfield code="a">9788170005629</subfield>
    <subfield code="c">875.00</subfield>
  </datafield>
  <datafield tag="035" ind1=" " ind2=" ">
    <subfield code="a">B-406895-909</subfield>
  </datafield>
  <datafield tag="035" ind1=" " ind2=" ">
    <subfield code="a">B-409771-783</subfield>
  </datafield>
  <datafield tag="037" ind1=" " ind2=" ">
    <subfield code="b">Ess Ess Publications </subfield>
  </datafield>
  <datafield tag="082" ind1=" " ind2=" ">
    <subfield code="a">027.70973</subfield>
  </datafield>
  <datafield tag="100" ind1=" " ind2=" ">
    <subfield code="a">Woodward, Jeannette A.</subfield>
    <subfield code="9">15093</subfield>
  </datafield>
  <datafield tag="245" ind1=" " ind2=" ">
    <subfield code="a">Creating the customer-driven  library /</subfield>
    <subfield code="c">by Jeannette Woodward</subfield>
  </datafield>
  <datafield tag="260" ind1=" " ind2=" ">
    <subfield code="a">New Delhi </subfield>
    <subfield code="b">Ess Ess Publications </subfield>
    <subfield code="c">2009</subfield>
  </datafield>
  <datafield tag="270" ind1=" " ind2=" ">
    <subfield code="a">4837/24, Ansari Road, Daryaganj</subfield>
    <subfield code="b">New Delhi </subfield>
    <subfield code="e">110002</subfield>
  </datafield>
  <datafield tag="300" ind1=" " ind2=" ">
    <subfield code="a">xviii, 234 p. </subfield>
    <subfield code="c">23 cm(Hb) </subfield>
  </datafield>
  <datafield tag="504" ind1=" " ind2=" ">
    <subfield code="a">Includes bibliographical references and index</subfield>
  </datafield>
  <datafield tag="650" ind1=" " ind2=" ">
    <subfield code="a">Academic libraries</subfield>
    <subfield code="z">United States.</subfield>
    <subfield code="9">15094</subfield>
  </datafield>
  <datafield tag="650" ind1=" " ind2=" ">
    <subfield code="a">Public services (Libraries)</subfield>
    <subfield code="9">15095</subfield>
  </datafield>
  <datafield tag="650" ind1=" " ind2=" ">
    <subfield code="a">Academic libraries</subfield>
    <subfield code="x">Space utilization</subfield>
    <subfield code="x">Social aspects.</subfield>
    <subfield code="9">15096</subfield>
  </datafield>
  <datafield tag="650" ind1=" " ind2=" ">
    <subfield code="a">Academic libraries</subfield>
    <subfield code="x">Marketing.</subfield>
    <subfield code="9">15097</subfield>
  </datafield>
  <datafield tag="650" ind1=" " ind2=" ">
    <subfield code="a">Academic libraries</subfield>
    <subfield code="x">Public relations.</subfield>
    <subfield code="9">15098</subfield>
  </datafield>
  <datafield tag="942" ind1=" " ind2=" ">
    <subfield code="2">ddc</subfield>
    <subfield code="c">EN</subfield>
    <subfield code="h">027.70973</subfield>
    <subfield code="m">WOO</subfield>
  </datafield>
  <datafield tag="999" ind1=" " ind2=" ">
    <subfield code="c">35196</subfield>
    <subfield code="d">35196</subfield>
  </datafield>
  <datafield tag="952" ind1=" " ind2=" ">
    <subfield code="0">0</subfield>
    <subfield code="1">0</subfield>
    <subfield code="4">0</subfield>
    <subfield code="7">0</subfield>
    <subfield code="8">NFIC</subfield>
    <subfield code="a">L</subfield>
    <subfield code="b">L</subfield>
    <subfield code="d">2010-07-29</subfield>
    <subfield code="e">Ess Ess Pub./20789/26.5.10/10/20.5.10/7.6.10</subfield>
    <subfield code="g">875.00</subfield>
    <subfield code="l">1</subfield>
    <subfield code="o">027.70973 WOO</subfield>
    <subfield code="p">B-406895</subfield>
    <subfield code="r">2017-08-05 00:00:00</subfield>
    <subfield code="s">2017-07-19</subfield>
    <subfield code="t">1</subfield>
    <subfield code="v">875.00</subfield>
    <subfield code="w">2010-07-29</subfield>
    <subfield code="y">EN</subfield>
  </datafield>
  <datafield tag="952" ind1=" " ind2=" ">
    <subfield code="0">0</subfield>
    <subfield code="1">5</subfield>
    <subfield code="4">0</subfield>
    <subfield code="7">0</subfield>
    <subfield code="8">NFIC</subfield>
    <subfield code="a">M</subfield>
    <subfield code="b">M</subfield>
    <subfield code="d">2010-07-29</subfield>
    <subfield code="e">Ess Ess Pub./20789/26.5.10/10/20.5.10/7.6.10</subfield>
    <subfield code="g">875.00</subfield>
    <subfield code="l">0</subfield>
    <subfield code="o">027.70973 WOO</subfield>
    <subfield code="p">B-406896</subfield>
    <subfield code="r">2010-07-29 00:00:00</subfield>
    <subfield code="t">4</subfield>
    <subfield code="v">875.00</subfield>
    <subfield code="y">EN</subfield>
  </datafield>
  <datafield tag="952" ind1=" " ind2=" ">
    <subfield code="0">0</subfield>
    <subfield code="1">0</subfield>
    <subfield code="4">0</subfield>
    <subfield code="7">0</subfield>
    <subfield code="8">NFIC</subfield>
    <subfield code="a">M</subfield>
    <subfield code="b">M</subfield>
    <subfield code="d">2010-07-29</subfield>
    <subfield code="e">Ess Ess Pub./20789/26.5.10/10/20.5.10/7.6.10</subfield>
    <subfield code="g">875.00</subfield>
    <subfield code="l">0</subfield>
    <subfield code="o">027.70973 WOO</subfield>
    <subfield code="p">B-406897</subfield>
    <subfield code="r">2010-07-29 00:00:00</subfield>
    <subfield code="t">4</subfield>
    <subfield code="v">875.00</subfield>
    <subfield code="w">2010-07-29</subfield>
    <subfield code="y">EN</subfield>
  </datafield>
  <datafield tag="952" ind1=" " ind2=" ">
    <subfield code="0">0</subfield>
    <subfield code="1">0</subfield>
    <subfield code="4">0</subfield>
    <subfield code="7">0</subfield>
    <subfield code="8">NFIC</subfield>
    <subfield code="a">M</subfield>
    <subfield code="b">M</subfield>
    <subfield code="d">2010-07-29</subfield>
    <subfield code="e">Ess Ess Pub./20789/26.5.10/10/20.5.10/7.6.10</subfield>
    <subfield code="g">875.00</subfield>
    <subfield code="l">0</subfield>
    <subfield code="o">027.70973 WOO</subfield>
    <subfield code="p">B-406898</subfield>
    <subfield code="r">2010-07-29 00:00:00</subfield>
    <subfield code="t">4</subfield>
    <subfield code="v">875.00</subfield>
    <subfield code="w">2010-07-29</subfield>
    <subfield code="y">EN</subfield>
  </datafield>
  <datafield tag="952" ind1=" " ind2=" ">
    <subfield code="0">0</subfield>
    <subfield code="1">0</subfield>
    <subfield code="4">0</subfield>
    <subfield code="7">0</subfield>
    <subfield code="8">NFIC</subfield>
    <subfield code="a">M</subfield>
    <subfield code="b">M</subfield>
    <subfield code="d">2010-07-29</subfield>
    <subfield code="e">Ess Ess Pub./20789/26.5.10/10/20.5.10/7.6.10</subfield>
    <subfield code="g">875.00</subfield>
    <subfield code="l">0</subfield>
    <subfield code="o">027.70973 WOO</subfield>
    <subfield code="p">B-406899</subfield>
    <subfield code="r">2010-07-29 00:00:00</subfield>
    <subfield code="t">4</subfield>
    <subfield code="v">875.00</subfield>
    <subfield code="w">2010-07-29</subfield>
    <subfield code="y">EN</subfield>
  </datafield>
  <datafield tag="952" ind1=" " ind2=" ">
    <subfield code="0">0</subfield>
    <subfield code="1">0</subfield>
    <subfield code="4">0</subfield>
    <subfield code="7">0</subfield>
    <subfield code="8">NFIC</subfield>
    <subfield code="a">NPL</subfield>
    <subfield code="b">NPL</subfield>
    <subfield code="d">2010-07-29</subfield>
    <subfield code="e">Ess Ess Pub./20789/26.5.10/10/20.5.10/7.6.10</subfield>
    <subfield code="g">875.00</subfield>
    <subfield code="l">0</subfield>
    <subfield code="o">027.70973 WOO</subfield>
    <subfield code="p">B-406900</subfield>
    <subfield code="r">2010-07-29 00:00:00</subfield>
    <subfield code="t">1</subfield>
    <subfield code="v">875.00</subfield>
    <subfield code="w">2010-07-29</subfield>
    <subfield code="y">EN</subfield>
  </datafield>
  <datafield tag="952" ind1=" " ind2=" ">
    <subfield code="0">0</subfield>
    <subfield code="1">0</subfield>
    <subfield code="4">0</subfield>
    <subfield code="7">0</subfield>
    <subfield code="8">NFIC</subfield>
    <subfield code="a">BL1</subfield>
    <subfield code="b">BL1</subfield>
    <subfield code="d">2010-07-29</subfield>
    <subfield code="e">Ess Ess Pub./20789/26.5.10/10/20.5.10/7.6.10</subfield>
    <subfield code="g">875.00</subfield>
    <subfield code="l">0</subfield>
    <subfield code="o">027.70973 WOO</subfield>
    <subfield code="p">B-406901</subfield>
    <subfield code="r">2010-07-29 00:00:00</subfield>
    <subfield code="t">1</subfield>
    <subfield code="v">875.00</subfield>
    <subfield code="w">2010-07-29</subfield>
    <subfield code="y">EN</subfield>
  </datafield>
  <datafield tag="952" ind1=" " ind2=" ">
    <subfield code="0">0</subfield>
    <subfield code="1">0</subfield>
    <subfield code="4">0</subfield>
    <subfield code="7">0</subfield>
    <subfield code="8">NFIC</subfield>
    <subfield code="a">JP</subfield>
    <subfield code="b">JP</subfield>
    <subfield code="d">2010-07-29</subfield>
    <subfield code="e">Ess Ess Pub./20789/26.5.10/10/20.5.10/7.6.10</subfield>
    <subfield code="g">875.00</subfield>
    <subfield code="l">0</subfield>
    <subfield code="o">027.70973 WOO</subfield>
    <subfield code="p">B-406902</subfield>
    <subfield code="r">2010-07-29 00:00:00</subfield>
    <subfield code="t">1</subfield>
    <subfield code="v">875.00</subfield>
    <subfield code="w">2010-07-29</subfield>
    <subfield code="y">EN</subfield>
  </datafield>
  <datafield tag="952" ind1=" " ind2=" ">
    <subfield code="0">0</subfield>
    <subfield code="1">0</subfield>
    <subfield code="4">0</subfield>
    <subfield code="7">0</subfield>
    <subfield code="8">NFIC</subfield>
    <subfield code="a">ZLS</subfield>
    <subfield code="b">ZLS</subfield>
    <subfield code="d">2010-07-29</subfield>
    <subfield code="e">Ess Ess Pub./20789/26.5.10/10/20.5.10/7.6.10</subfield>
    <subfield code="g">875.00</subfield>
    <subfield code="l">0</subfield>
    <subfield code="o">027.70973 WOO</subfield>
    <subfield code="p">B-406903</subfield>
    <subfield code="r">2010-07-29 00:00:00</subfield>
    <subfield code="t">1</subfield>
    <subfield code="v">875.00</subfield>
    <subfield code="w">2010-07-29</subfield>
    <subfield code="y">EN</subfield>
  </datafield>
  <datafield tag="952" ind1=" " ind2=" ">
    <subfield code="0">0</subfield>
    <subfield code="1">0</subfield>
    <subfield code="4">0</subfield>
    <subfield code="7">0</subfield>
    <subfield code="8">NFIC</subfield>
    <subfield code="a">RKP</subfield>
    <subfield code="b">RKP</subfield>
    <subfield code="d">2010-07-29</subfield>
    <subfield code="e">Ess Ess Pub./20789/26.5.10/10/20.5.10/7.6.10</subfield>
    <subfield code="g">875.00</subfield>
    <subfield code="l">0</subfield>
    <subfield code="o">027.70973 WOO</subfield>
    <subfield code="p">B-406904</subfield>
    <subfield code="r">2010-07-29 00:00:00</subfield>
    <subfield code="t">1</subfield>
    <subfield code="v">875.00</subfield>
    <subfield code="w">2010-07-29</subfield>
    <subfield code="y">EN</subfield>
  </datafield>
  <datafield tag="952" ind1=" " ind2=" ">
    <subfield code="0">0</subfield>
    <subfield code="1">0</subfield>
    <subfield code="4">0</subfield>
    <subfield code="7">0</subfield>
    <subfield code="8">NFIC</subfield>
    <subfield code="a">AG</subfield>
    <subfield code="b">AG</subfield>
    <subfield code="d">2010-07-29</subfield>
    <subfield code="e">Ess Ess Pub./20789/26.5.10/10/20.5.10/7.6.10</subfield>
    <subfield code="g">875.00</subfield>
    <subfield code="l">0</subfield>
    <subfield code="o">027.70973 WOO</subfield>
    <subfield code="p">B-406905</subfield>
    <subfield code="r">2010-07-29 00:00:00</subfield>
    <subfield code="t">1</subfield>
    <subfield code="v">875.00</subfield>
    <subfield code="w">2010-07-29</subfield>
    <subfield code="y">EN</subfield>
  </datafield>
  <datafield tag="952" ind1=" " ind2=" ">
    <subfield code="0">0</subfield>
    <subfield code="1">0</subfield>
    <subfield code="4">0</subfield>
    <subfield code="7">0</subfield>
    <subfield code="8">NFIC</subfield>
    <subfield code="a">SP</subfield>
    <subfield code="b">SP</subfield>
    <subfield code="d">2010-07-29</subfield>
    <subfield code="e">Ess Ess Pub./20789/26.5.10/10/20.5.10/7.6.10</subfield>
    <subfield code="g">875.00</subfield>
    <subfield code="l">0</subfield>
    <subfield code="o">027.70973 WOO</subfield>
    <subfield code="p">B-406906</subfield>
    <subfield code="r">2010-07-29 00:00:00</subfield>
    <subfield code="t">1</subfield>
    <subfield code="v">875.00</subfield>
    <subfield code="w">2010-07-29</subfield>
    <subfield code="y">EN</subfield>
  </datafield>
  <datafield tag="952" ind1=" " ind2=" ">
    <subfield code="0">0</subfield>
    <subfield code="1">0</subfield>
    <subfield code="4">0</subfield>
    <subfield code="7">0</subfield>
    <subfield code="8">NFIC</subfield>
    <subfield code="a">VP</subfield>
    <subfield code="b">VP</subfield>
    <subfield code="d">2010-07-29</subfield>
    <subfield code="e">Ess Ess Pub./20789/26.5.10/10/20.5.10/7.6.10</subfield>
    <subfield code="g">875.00</subfield>
    <subfield code="l">0</subfield>
    <subfield code="o">027.70973 WOO</subfield>
    <subfield code="p">B-406907</subfield>
    <subfield code="r">2010-07-29 00:00:00</subfield>
    <subfield code="t">1</subfield>
    <subfield code="v">875.00</subfield>
    <subfield code="w">2010-07-29</subfield>
    <subfield code="y">EN</subfield>
  </datafield>
  <datafield tag="952" ind1=" " ind2=" ">
    <subfield code="0">0</subfield>
    <subfield code="1">0</subfield>
    <subfield code="4">0</subfield>
    <subfield code="7">0</subfield>
    <subfield code="8">NFIC</subfield>
    <subfield code="a">BL3</subfield>
    <subfield code="b">BL3</subfield>
    <subfield code="d">2010-07-29</subfield>
    <subfield code="e">Ess Ess Pub./20789/26.5.10/10/20.5.10/7.6.10</subfield>
    <subfield code="g">875.00</subfield>
    <subfield code="l">0</subfield>
    <subfield code="o">027.70973 WOO</subfield>
    <subfield code="p">B-406908</subfield>
    <subfield code="r">2010-07-29 00:00:00</subfield>
    <subfield code="t">1</subfield>
    <subfield code="v">875.00</subfield>
    <subfield code="w">2010-07-29</subfield>
    <subfield code="y">EN</subfield>
  </datafield>
  <datafield tag="952" ind1=" " ind2=" ">
    <subfield code="0">0</subfield>
    <subfield code="1">0</subfield>
    <subfield code="4">0</subfield>
    <subfield code="7">0</subfield>
    <subfield code="8">NFIC</subfield>
    <subfield code="a">BL4</subfield>
    <subfield code="b">BL4</subfield>
    <subfield code="d">2010-07-29</subfield>
    <subfield code="e">Ess Ess Pub./20789/26.5.10/10/20.5.10/7.6.10</subfield>
    <subfield code="g">875.00</subfield>
    <subfield code="l">0</subfield>
    <subfield code="o">027.70973 WOO</subfield>
    <subfield code="p">B-406909</subfield>
    <subfield code="r">2010-07-29 00:00:00</subfield>
    <subfield code="t">1</subfield>
    <subfield code="v">875.00</subfield>
    <subfield code="w">2010-07-29</subfield>
    <subfield code="y">EN</subfield>
  </datafield>
  <datafield tag="952" ind1=" " ind2=" ">
    <subfield code="0">0</subfield>
    <subfield code="1">0</subfield>
    <subfield code="4">0</subfield>
    <subfield code="7">0</subfield>
    <subfield code="8">NFIC</subfield>
    <subfield code="a">L</subfield>
    <subfield code="b">L</subfield>
    <subfield code="d">2010-08-19</subfield>
    <subfield code="e">Ess Ess Pub./20892/6.7.10/34/1.7.10/13.7.10</subfield>
    <subfield code="g">875.00</subfield>
    <subfield code="l">0</subfield>
    <subfield code="o">027.70973 WOO</subfield>
    <subfield code="p">B-409771</subfield>
    <subfield code="r">2010-08-19 00:00:00</subfield>
    <subfield code="t">1</subfield>
    <subfield code="v">875.00</subfield>
    <subfield code="w">2010-08-19</subfield>
    <subfield code="y">EN</subfield>
  </datafield>
  <datafield tag="952" ind1=" " ind2=" ">
    <subfield code="0">0</subfield>
    <subfield code="1">0</subfield>
    <subfield code="4">0</subfield>
    <subfield code="7">1</subfield>
    <subfield code="8">REF</subfield>
    <subfield code="a">L</subfield>
    <subfield code="b">L</subfield>
    <subfield code="d">2010-08-19</subfield>
    <subfield code="e">Ess Ess Pub./20892/6.7.10/34/1.7.10/13.7.10</subfield>
    <subfield code="g">875.00</subfield>
    <subfield code="l">0</subfield>
    <subfield code="o">027.70973 WOO</subfield>
    <subfield code="p">B-409772</subfield>
    <subfield code="r">2010-08-19 00:00:00</subfield>
    <subfield code="t">1</subfield>
    <subfield code="v">875.00</subfield>
    <subfield code="w">2010-08-19</subfield>
    <subfield code="y">EN</subfield>
  </datafield>
  <datafield tag="952" ind1=" " ind2=" ">
    <subfield code="0">0</subfield>
    <subfield code="1">0</subfield>
    <subfield code="4">0</subfield>
    <subfield code="7">0</subfield>
    <subfield code="8">NFIC</subfield>
    <subfield code="a">BL1</subfield>
    <subfield code="b">BL1</subfield>
    <subfield code="d">2010-08-19</subfield>
    <subfield code="e">Ess Ess Pub./20892/6.7.10/34/1.7.10/13.7.10</subfield>
    <subfield code="g">875.00</subfield>
    <subfield code="l">0</subfield>
    <subfield code="o">027.70973 WOO</subfield>
    <subfield code="p">B-409773</subfield>
    <subfield code="r">2010-08-19 00:00:00</subfield>
    <subfield code="t">1</subfield>
    <subfield code="v">875.00</subfield>
    <subfield code="w">2010-08-19</subfield>
    <subfield code="y">EN</subfield>
  </datafield>
  <datafield tag="952" ind1=" " ind2=" ">
    <subfield code="0">0</subfield>
    <subfield code="1">0</subfield>
    <subfield code="4">0</subfield>
    <subfield code="7">0</subfield>
    <subfield code="8">NFIC</subfield>
    <subfield code="a">JP</subfield>
    <subfield code="b">JP</subfield>
    <subfield code="d">2010-08-19</subfield>
    <subfield code="e">Ess Ess Pub./20892/6.7.10/34/1.7.10/13.7.10</subfield>
    <subfield code="g">875.00</subfield>
    <subfield code="l">0</subfield>
    <subfield code="o">027.70973 WOO</subfield>
    <subfield code="p">B-409774</subfield>
    <subfield code="r">2010-08-19 00:00:00</subfield>
    <subfield code="t">1</subfield>
    <subfield code="v">875.00</subfield>
    <subfield code="w">2010-08-19</subfield>
    <subfield code="y">EN</subfield>
  </datafield>
  <datafield tag="952" ind1=" " ind2=" ">
    <subfield code="0">0</subfield>
    <subfield code="1">0</subfield>
    <subfield code="4">0</subfield>
    <subfield code="7">0</subfield>
    <subfield code="8">NFIC</subfield>
    <subfield code="a">ZLS</subfield>
    <subfield code="b">ZLS</subfield>
    <subfield code="d">2010-08-19</subfield>
    <subfield code="e">Ess Ess Pub./20892/6.7.10/34/1.7.10/13.7.10</subfield>
    <subfield code="g">875.00</subfield>
    <subfield code="l">0</subfield>
    <subfield code="o">027.70973 WOO</subfield>
    <subfield code="p">B-409775</subfield>
    <subfield code="r">2010-08-19 00:00:00</subfield>
    <subfield code="t">1</subfield>
    <subfield code="v">875.00</subfield>
    <subfield code="w">2010-08-19</subfield>
    <subfield code="y">EN</subfield>
  </datafield>
  <datafield tag="952" ind1=" " ind2=" ">
    <subfield code="0">0</subfield>
    <subfield code="1">0</subfield>
    <subfield code="4">0</subfield>
    <subfield code="7">0</subfield>
    <subfield code="8">NFIC</subfield>
    <subfield code="a">RKP</subfield>
    <subfield code="b">RKP</subfield>
    <subfield code="d">2010-08-19</subfield>
    <subfield code="e">Ess Ess Pub./20892/6.7.10/34/1.7.10/13.7.10</subfield>
    <subfield code="g">875.00</subfield>
    <subfield code="l">0</subfield>
    <subfield code="o">027.70973 WOO</subfield>
    <subfield code="p">B-409776</subfield>
    <subfield code="r">2010-08-19 00:00:00</subfield>
    <subfield code="t">1</subfield>
    <subfield code="v">875.00</subfield>
    <subfield code="w">2010-08-19</subfield>
    <subfield code="y">EN</subfield>
  </datafield>
  <datafield tag="952" ind1=" " ind2=" ">
    <subfield code="0">0</subfield>
    <subfield code="1">0</subfield>
    <subfield code="4">0</subfield>
    <subfield code="7">0</subfield>
    <subfield code="8">NFIC</subfield>
    <subfield code="a">AG</subfield>
    <subfield code="b">AG</subfield>
    <subfield code="d">2010-08-19</subfield>
    <subfield code="e">Ess Ess Pub./20892/6.7.10/34/1.7.10/13.7.10</subfield>
    <subfield code="g">875.00</subfield>
    <subfield code="l">0</subfield>
    <subfield code="o">027.70973 WOO</subfield>
    <subfield code="p">B-409777</subfield>
    <subfield code="r">2010-08-19 00:00:00</subfield>
    <subfield code="t">1</subfield>
    <subfield code="v">875.00</subfield>
    <subfield code="w">2010-08-19</subfield>
    <subfield code="y">EN</subfield>
  </datafield>
  <datafield tag="952" ind1=" " ind2=" ">
    <subfield code="0">0</subfield>
    <subfield code="1">0</subfield>
    <subfield code="4">0</subfield>
    <subfield code="7">0</subfield>
    <subfield code="8">NFIC</subfield>
    <subfield code="a">SP</subfield>
    <subfield code="b">SP</subfield>
    <subfield code="d">2010-08-19</subfield>
    <subfield code="e">Ess Ess Pub./20892/6.7.10/34/1.7.10/13.7.10</subfield>
    <subfield code="g">875.00</subfield>
    <subfield code="l">0</subfield>
    <subfield code="o">027.70973 WOO</subfield>
    <subfield code="p">B-409778</subfield>
    <subfield code="r">2010-08-19 00:00:00</subfield>
    <subfield code="t">1</subfield>
    <subfield code="v">875.00</subfield>
    <subfield code="w">2010-08-19</subfield>
    <subfield code="y">EN</subfield>
  </datafield>
  <datafield tag="952" ind1=" " ind2=" ">
    <subfield code="0">0</subfield>
    <subfield code="1">0</subfield>
    <subfield code="4">0</subfield>
    <subfield code="7">0</subfield>
    <subfield code="8">NFIC</subfield>
    <subfield code="a">VP</subfield>
    <subfield code="b">VP</subfield>
    <subfield code="d">2010-08-19</subfield>
    <subfield code="e">Ess Ess Pub./20892/6.7.10/34/1.7.10/13.7.10</subfield>
    <subfield code="g">875.00</subfield>
    <subfield code="l">0</subfield>
    <subfield code="o">027.70973 WOO</subfield>
    <subfield code="p">B-409779</subfield>
    <subfield code="r">2010-08-19 00:00:00</subfield>
    <subfield code="t">1</subfield>
    <subfield code="v">875.00</subfield>
    <subfield code="w">2010-08-19</subfield>
    <subfield code="y">EN</subfield>
  </datafield>
  <datafield tag="952" ind1=" " ind2=" ">
    <subfield code="0">0</subfield>
    <subfield code="1">0</subfield>
    <subfield code="4">0</subfield>
    <subfield code="7">0</subfield>
    <subfield code="8">NFIC</subfield>
    <subfield code="a">BL3</subfield>
    <subfield code="b">BL3</subfield>
    <subfield code="d">2010-08-19</subfield>
    <subfield code="e">Ess Ess Pub./20892/6.7.10/34/1.7.10/13.7.10</subfield>
    <subfield code="g">875.00</subfield>
    <subfield code="l">0</subfield>
    <subfield code="o">027.70973 WOO</subfield>
    <subfield code="p">B-409780</subfield>
    <subfield code="r">2010-08-19 00:00:00</subfield>
    <subfield code="t">1</subfield>
    <subfield code="v">875.00</subfield>
    <subfield code="w">2010-08-19</subfield>
    <subfield code="y">EN</subfield>
  </datafield>
  <datafield tag="952" ind1=" " ind2=" ">
    <subfield code="0">0</subfield>
    <subfield code="1">0</subfield>
    <subfield code="4">0</subfield>
    <subfield code="7">0</subfield>
    <subfield code="8">NFIC</subfield>
    <subfield code="a">NR</subfield>
    <subfield code="b">NR</subfield>
    <subfield code="d">2010-08-19</subfield>
    <subfield code="e">Ess Ess Pub./20892/6.7.10/34/1.7.10/13.7.10</subfield>
    <subfield code="g">875.00</subfield>
    <subfield code="l">0</subfield>
    <subfield code="o">027.70973 WOO</subfield>
    <subfield code="p">B-409781</subfield>
    <subfield code="r">2010-08-19 00:00:00</subfield>
    <subfield code="t">1</subfield>
    <subfield code="v">875.00</subfield>
    <subfield code="w">2010-08-19</subfield>
    <subfield code="y">EN</subfield>
  </datafield>
  <datafield tag="952" ind1=" " ind2=" ">
    <subfield code="0">0</subfield>
    <subfield code="1">0</subfield>
    <subfield code="4">0</subfield>
    <subfield code="7">0</subfield>
    <subfield code="8">NFIC</subfield>
    <subfield code="a">BN</subfield>
    <subfield code="b">BN</subfield>
    <subfield code="d">2010-08-19</subfield>
    <subfield code="e">Ess Ess Pub./20892/6.7.10/34/1.7.10/13.7.10</subfield>
    <subfield code="g">875.00</subfield>
    <subfield code="l">1</subfield>
    <subfield code="o">027.70973 WOO</subfield>
    <subfield code="p">B-409782</subfield>
    <subfield code="r">2019-11-16 00:00:00</subfield>
    <subfield code="s">2019-11-11</subfield>
    <subfield code="t">1</subfield>
    <subfield code="v">875.00</subfield>
    <subfield code="w">2010-08-19</subfield>
    <subfield code="y">EN</subfield>
  </datafield>
  <datafield tag="952" ind1=" " ind2=" ">
    <subfield code="0">0</subfield>
    <subfield code="1">0</subfield>
    <subfield code="4">0</subfield>
    <subfield code="7">0</subfield>
    <subfield code="8">NFIC</subfield>
    <subfield code="a">BL4</subfield>
    <subfield code="b">BL4</subfield>
    <subfield code="d">2010-08-19</subfield>
    <subfield code="e">Ess Ess Pub./20892/6.7.10/34/1.7.10/13.7.10</subfield>
    <subfield code="g">875.00</subfield>
    <subfield code="l">0</subfield>
    <subfield code="o">027.70973 WOO</subfield>
    <subfield code="p">B-409783</subfield>
    <subfield code="r">2010-08-19 00:00:00</subfield>
    <subfield code="t">1</subfield>
    <subfield code="v">875.00</subfield>
    <subfield code="w">2010-08-19</subfield>
    <subfield code="y">EN</subfield>
  </datafield>
</record>
